000 00302nam a22001337a 4500
008 170202b xxu||||| |||| 00| 0 eng d
020 _a9780323007092
041 _aeng
080 _23RD
_a61
100 _a3
101 _aSHM
245 _aLONG-TERM CARE ASSISTANTS
_cSORRENTINO, SH.A
942 _2udc
_cBK
999 _c4304
_d4304